000 00794nam a2200253Ia 4500
003 OSt
005 20220923211619.0
006 a|||||r|||| 00| 0
007 ta
008 220922b |||||||| |||| 00| 0 hin d
024 _a10,010
037 _cTextual
040 _aARTS
_cARTS
_bhin
041 _2hin
_ahin
082 _aQ23:2291:g (Y), 152M9
100 _aपाठक, राजकुमार
_9156272
245 0 _aशिव पुराण में वर्णित सभ्यता
246 _aShiv purāṇ mean varṇit sabhyatā
260 _c1989
300 _a176p.
_ccm.
490 _aJaravkunwar rastrabhasa granthamala( 29
942 _hQ23:2291:g (Y), 152M9
_cTEXL
_2CC
999 _c301464
_d301464